| 000 | 00538nam a22001817a 4500 | ||
|---|---|---|---|
| 003 | CEME | ||
| 005 | 20210628205038.0 | ||
| 008 | 210224b xxu||||| |||| 00| 0 eng d | ||
| 020 | _a0-13-855776-4 | ||
| 040 | _c. | ||
| 082 | _a621.38154 WOL'S | ||
| 100 |
_aWolf, Stanley Smith, Richard F. M _964656 |
||
| 245 | _aStudent refernce manual for electronic instrumentation laboratories | ||
| 260 |
_aNEWJERSCY _bPRENTICE HALL _c1990 |
||
| 300 | _a547P | ||
| 650 |
_aELECTRONIC MEASUREMENT ELECTRONIC INSTRUMENTS _973602 |
||
| 942 |
_cBK _2ddc |
||
| 999 |
_c579282 _d579282 |
||